Readings in Pakistan foreign policy, 1971-1978 / (Record no. 15140)
[ view plain ]
| 000 -LEADER | |
|---|---|
| fixed length control field | 03268cam a2200313 a 4500 |
| 001 - CONTROL NUMBER | |
| control field | 12476074 |
| 005 - DATE AND TIME OF LATEST TRANSACTION | |
| control field | 20170105102911.0 |
| 008 - FIXED-LENGTH DATA ELEMENTS--GENERAL INFORMATION | |
| fixed length control field | 010710s2001 pk 001 0 eng |
| 010 ## - LIBRARY OF CONGRESS CONTROL NUMBER | |
| LC control number | 2001300076 |
| 020 ## - INTERNATIONAL STANDARD BOOK NUMBER | |
| International Standard Book Number | 0195793935 |
| 025 ## - OVERSEAS ACQUISITION NUMBER | |
| Overseas acquisition number | P-E-2001300076; 07 |
| 035 ## - SYSTEM CONTROL NUMBER | |
| System control number | (DLC) 200130007 |
| 040 ## - CATALOGING SOURCE | |
| Original cataloging agency | DLC |
| Transcribing agency | DLC |
| Modifying agency | DLC |
| 042 ## - AUTHENTICATION CODE | |
| Authentication code | lcode |
| 043 ## - GEOGRAPHIC AREA CODE | |
| Geographic area code | a-pk--- |
| 050 00 - LIBRARY OF CONGRESS CALL NUMBER | |
| Classification number | DS383.5.A2 |
| Item number | R416 2001 |
| 082 00 - DEWEY DECIMAL CLASSIFICATION NUMBER | |
| Classification number | 327.5491/009/045 |
| Edition number | 21 |
| 245 00 - TITLE STATEMENT | |
| Title | Readings in Pakistan foreign policy, 1971-1978 / |
| Statement of responsibility, etc. | edited by Mehrunnisa Ali. |
| 260 ## - PUBLICATION, DISTRIBUTION, ETC. | |
| Place of publication, distribution, etc. | Karachi : |
| Name of publisher, distributor, etc. | Oxford University Press, |
| Date of publication, distribution, etc. | 2001. |
| 300 ## - PHYSICAL DESCRIPTION | |
| Extent | xix, 479 p. ; |
| Dimensions | 22 cm. |
| 504 ## - BIBLIOGRAPHY, ETC. NOTE | |
| Bibliography, etc. note | Includes bibliographical references and index. |
| 505 8# - FORMATTED CONTENTS NOTE | |
| Formatted contents note | Machine generated contents note: 1. Introduction -- Mehrunnisa Ali -- 2. United States and the Indo-Pakistan War of 1971 -- Khurshid Hyder -- 3. The USSR and the Indo-Pakistan War, 1971 -- Zubeida Mustafa -- 4. China's Diplomacy during the Indo-Pakistan War, 1971 -- Mehrunnisa Ali ., -- 5. Britain and the Indo-Pakistan Conflict over -- East Pakistan -- Khalida Qureshi -- 6. The Simla and Tashkent Agreements -- Mehrunnisa Ali -- 7. Recent Trends in Pakistan's Policy towards the -- Middle East -- Zubeida Mustafa -- 8. Inching Together or a Mile Apart: India and -- Pakistan towards D6tente -- Nazir A. Mughal -- 9. An Overview of Pakistan's Foreign Policy -- in Recent Years -- ZubeidaMustafa -- 10. Pakistan and the Muslim World -- Col. Ghulam Sarwar -- 11. Pakistan-Iran Relations (1947-1979) -- Safia S. Mohammadally -- 12. Pakistan-Turkey Relations -- Naveed Ahmad -- 13. Pakistan's Geopolitical Environment and Security -- Mujtaba Razvi -- 14: Pakistan's Defense Policy -- Hasan-Askari Rizvi -- 15. Pakistan-United States Relations: An Appraisal -- M. Raziullah Azmi -- 16. Pakistan, India, and Regional Cooperation -- in South Asia -- Rashid Ahmad -Khan ::: -- 17. Pakistan Foreign Policy: Trends and Challenges -- of the Eighties -- Mehrunnisa Ali -- 18. Pakistan's Case Study for a Nuclear Security -- Guarantee -- Zafa Iqbal Cheema -- i 19. Pakistan and Western Europe (1975-86) -- Mehrunnisa Iqbal -- 20. Strategic and Military Dimensions in -- Pakistan-China Relations -- Mohammad Ahsen Chaudhri -- 21. Impact of the Afghan War on Pakistan -- Pervaiz Iqbal Cheema -- 22. The Superpowers and SAARC -- Hamid H. Kizilbash -- 23. Foreign Aid and Indebtedness in Pakistan -- Mohammad Uzair -- 24. Pak-Afghan Relations, 1958-1988 -- Anees Jillani -- 25. Prospects of Cooperation with Central Asian States -- S. Amjad Ali -- 26. Reorientation of Pakistan's Foreign Policy -- after the Cold War -- Marvi Memon -- 27. Advantages and Disadvantages for Pakistan -- in the Post-Cold War World -- Thom A. Travis -- 28. Central Asia in the New Eurasian Geopolitics: -- Implications for Pakistan and Russia -- Vyacheslav Ya Belokrenitsky -- 29. Nuclearization of South Asia and the Kashmir -- Dispute -- Farzana Shakoor -- List of Selected Articles -- Index. |
| 651 #0 - SUBJECT ADDED ENTRY--GEOGRAPHIC NAME | |
| Geographic name | Pakistan |
| General subdivision | Foreign relations. |
| 700 1# - ADDED ENTRY--PERSONAL NAME | |
| Personal name | Ali, Mehrunnisa. |
| 856 41 - ELECTRONIC LOCATION AND ACCESS | |
| Materials specified | Table of contents |
| Uniform Resource Identifier | <a href="http://www.loc.gov/catdir/toc/fy022/2001300076.html">http://www.loc.gov/catdir/toc/fy022/2001300076.html</a> |
| 906 ## - LOCAL DATA ELEMENT F, LDF (RLIN) | |
| a | 7 |
| b | cbc |
| c | origode |
| d | 3 |
| e | ncip |
| f | 20 |
| g | y-gencatlg |
| 942 ## - ADDED ENTRY ELEMENTS (KOHA) | |
| Source of classification or shelving scheme | |
| Koha item type | Book |
| Withdrawn status | Lost status | Damaged status | Not for loan | Collection code | Permanent Location | Current Location | Shelving location | Date acquired | Total Checkouts | Full call number | Barcode | Date last seen | Price effective from | Koha item type |
|---|---|---|---|---|---|---|---|---|---|---|---|---|---|---|
| Centre for International Peace & Stability (CIPS) | Centre for International Peace & Stability (CIPS) | General Stacks | 10/02/2013 | 327.5491009045 REA 2001 | CIPS0002444 | 11/07/2013 | 11/07/2013 | Book |
